| 000 | 00365nam a2200157Ia 4500 | ||
|---|---|---|---|
| 008 | 230312s9999||||xx |||||||||||||| ||und|| | ||
| 020 | _a1-4051-7065-9 | ||
| 082 |
_a616.5 _bABC |
||
| 100 | _aBuxton | ||
| 245 | 2 | _aA B C of Dermatology | |
| 260 |
_bWiley-Blackwell _aIndia _c2009 |
||
| 300 | _a210 | ||
| 546 | _aEng. | ||
| 650 |
_aMedical _vDermatology |
||
| 942 | _cBK | ||
| 999 |
_c5490 _d5490 |
||